<?xml version="1.0" encoding="UTF-8"?>
<record
    xmlns:xsi="http://www.w3.org/2001/XMLSchema-instance"
    xsi:schemaLocation="http://www.loc.gov/MARC21/slim http://www.loc.gov/standards/marcxml/schema/MARC21slim.xsd"
    xmlns="http://www.loc.gov/MARC21/slim">

  <leader>03011nam a2200325Ia 4500</leader>
  <controlfield tag="003">OSt</controlfield>
  <controlfield tag="005">20250717102525.0</controlfield>
  <controlfield tag="008">210210b2019   xxu||||| |||| 00| 0 eng d</controlfield>
  <datafield tag="020" ind1=" " ind2=" ">
    <subfield code="a">9788131529164</subfield>
  </datafield>
  <datafield tag="040" ind1=" " ind2=" ">
    <subfield code="c">AL</subfield>
  </datafield>
  <datafield tag="041" ind1=" " ind2=" ">
    <subfield code="a">eng</subfield>
  </datafield>
  <datafield tag="082" ind1=" " ind2=" ">
    <subfield code="a">535.84 </subfield>
    <subfield code="2">23</subfield>
    <subfield code="b">PAVI</subfield>
  </datafield>
  <datafield tag="100" ind1=" " ind2=" ">
    <subfield code="a">Donald L Pavia...[et. al]</subfield>
    <subfield code="9">59628</subfield>
  </datafield>
  <datafield tag="245" ind1=" " ind2=" ">
    <subfield code="a">Introduction to spectroscopy </subfield>
  </datafield>
  <datafield tag="250" ind1=" " ind2=" ">
    <subfield code="a">5</subfield>
  </datafield>
  <datafield tag="260" ind1=" " ind2=" ">
    <subfield code="a">New Delhi</subfield>
    <subfield code="b">Cengage learning</subfield>
    <subfield code="c">2022</subfield>
  </datafield>
  <datafield tag="300" ind1=" " ind2=" ">
    <subfield code="a">xvii,748p</subfield>
    <subfield code="b">PB</subfield>
    <subfield code="c">25x20cm.</subfield>
  </datafield>
  <datafield tag="520" ind1=" " ind2=" ">
    <subfield code="a">NEWEST SPECTRA TECHNIQUES: You can easily provide students with the latest spectra techniques, found in Appendix 10, "Index of Spectra".
MODERN COVERAGE: The book provides a modern presentation on one-dimensional NMR spectroscopy.
DETAILED COVERAGE: The mass spectrometry material in Chapter 8 provides a detailed look at biological molecules for the latest coverage on this important topic.
NEWEST SPECTRA TECHNIQUES: The latest spectra techniques are provided in Appendix 10, "Index of Spectra".
UP-TO-DATE SPECTROGRAPHS: Throughout the text, spectrographs are created with the latest techniques to ensure accuracy.
A TRUSTED, PROVEN RESOURCE: For more than 30 years, this text has proven to be an excellent resource for spectroscopy students and those seeking a solid introductory reference text on spectroscopy.
Table of Contents
'1. Molecular Formulas and What Can Be Learned from Them. 2. Infrared Spectroscopy. 3. Nuclear Magnetic Resonance Spectroscopy Part One: Basic Concepts. 4. Nuclear Magnetic Resonance Spectroscopy Part Two: Carbon-13 Spectra, Including Heteronuclear Coupling with Other Nuclei. 5. Nuclear Magnetic Resonance Spectroscopy Part Three: Spin-Spin Coupling. 6. Nuclear Magnetic Resonance Spectroscopy Part Four: Other Topics in One-Dimensional NMR. 7. Ultraviolet Spectroscopy. 8. Mass Spectrometry. 9. Combined Structure Problems. 10. Nuclear Magnetic Resonance Spectroscopy Part Five: Advanced NMR Techniques. Answers to Selected Problems. Appendix 1: Infrared Absorption Frequencies of Functional Groups. Appendix 2: Some Representative Chemical Shift Values for Various Types of Protons. Appendix 3: Typical Proton Coupling Constants. Appendix 4: Calculation of Proton (1H) Chemical Shifts. Appendix 5: Calculation of Carbon-13 Chemical Shifts. Appendix 6: 13C Coupling Constants. Appendix 7: Tables of Precise Masses and Isotopic Abundance Ratios for Molecular Ions Under Mass 100 Containing Carbon, Hydrogen, Nitrogen, and Oxygen. Appendix 8: Common Fragment Ions Under Mass 105. Appendix 9: Handy-Dandy Guide to Mass Spectral Fragmentation Patterns. Appendix 10: Index of Spectra.</subfield>
  </datafield>
  <datafield tag="650" ind1=" " ind2=" ">
    <subfield code="a">Molecular Formulas</subfield>
    <subfield code="9">59635</subfield>
  </datafield>
  <datafield tag="650" ind1=" " ind2=" ">
    <subfield code="a">Infrared Spectroscopy</subfield>
    <subfield code="9">59636</subfield>
  </datafield>
  <datafield tag="650" ind1=" " ind2=" ">
    <subfield code="a">Nuclear Magnetic Resonance</subfield>
    <subfield code="9">59637</subfield>
  </datafield>
  <datafield tag="650" ind1=" " ind2=" ">
    <subfield code="a">Ultraviolet</subfield>
    <subfield code="9">59638</subfield>
  </datafield>
  <datafield tag="650" ind1=" " ind2=" ">
    <subfield code="a">Combined Structure</subfield>
    <subfield code="9">59639</subfield>
  </datafield>
  <datafield tag="700" ind1=" " ind2=" ">
    <subfield code="a">Donald L Pavia</subfield>
    <subfield code="9">59631</subfield>
  </datafield>
  <datafield tag="700" ind1=" " ind2=" ">
    <subfield code="d">Gary M Lampman</subfield>
    <subfield code="9">59632</subfield>
  </datafield>
  <datafield tag="700" ind1=" " ind2=" ">
    <subfield code="d">George S Kriz</subfield>
    <subfield code="9">59633</subfield>
  </datafield>
  <datafield tag="700" ind1=" " ind2=" ">
    <subfield code="d">James R Vyvyan</subfield>
    <subfield code="9">59634</subfield>
  </datafield>
  <datafield tag="906" ind1=" " ind2=" ">
    <subfield code="a">073652</subfield>
  </datafield>
  <datafield tag="942" ind1=" " ind2=" ">
    <subfield code="2">ddc</subfield>
    <subfield code="c">BK</subfield>
  </datafield>
  <datafield tag="999" ind1=" " ind2=" ">
    <subfield code="c">123398</subfield>
    <subfield code="d">123398</subfield>
  </datafield>
  <datafield tag="952" ind1=" " ind2=" ">
    <subfield code="0">0</subfield>
    <subfield code="1">0</subfield>
    <subfield code="2">ddc</subfield>
    <subfield code="4">0</subfield>
    <subfield code="7">0</subfield>
    <subfield code="8">PHY</subfield>
    <subfield code="a">AL</subfield>
    <subfield code="b">AL</subfield>
    <subfield code="c">SK</subfield>
    <subfield code="d">2021-02-17</subfield>
    <subfield code="e">Academic Book Distributors</subfield>
    <subfield code="g">750.00</subfield>
    <subfield code="l">1</subfield>
    <subfield code="o">535.84 PAVI</subfield>
    <subfield code="p">073653</subfield>
    <subfield code="r">2022-03-16 00:00:00</subfield>
    <subfield code="s">2022-02-03</subfield>
    <subfield code="w">2021-02-17</subfield>
    <subfield code="y">BK</subfield>
  </datafield>
  <datafield tag="952" ind1=" " ind2=" ">
    <subfield code="0">0</subfield>
    <subfield code="1">0</subfield>
    <subfield code="2">ddc</subfield>
    <subfield code="4">0</subfield>
    <subfield code="7">0</subfield>
    <subfield code="8">PHY</subfield>
    <subfield code="a">AL</subfield>
    <subfield code="b">AL</subfield>
    <subfield code="c">SK</subfield>
    <subfield code="d">2021-02-17</subfield>
    <subfield code="e">Academic Book Distributors</subfield>
    <subfield code="g">750.00</subfield>
    <subfield code="l">0</subfield>
    <subfield code="o">535.84 PAVI</subfield>
    <subfield code="p">073652</subfield>
    <subfield code="r">2021-02-17 00:00:00</subfield>
    <subfield code="w">2021-02-17</subfield>
    <subfield code="y">BK</subfield>
  </datafield>
  <datafield tag="952" ind1=" " ind2=" ">
    <subfield code="0">0</subfield>
    <subfield code="1">0</subfield>
    <subfield code="2">ddc</subfield>
    <subfield code="4">0</subfield>
    <subfield code="7">0</subfield>
    <subfield code="8">CHE</subfield>
    <subfield code="a">AL</subfield>
    <subfield code="b">AL</subfield>
    <subfield code="c">SK</subfield>
    <subfield code="d">2022-10-14</subfield>
    <subfield code="e">Biblios Book Point, Surathkal, Mangalore575014</subfield>
    <subfield code="g">680.00</subfield>
    <subfield code="l">0</subfield>
    <subfield code="o">535.84 PAVI</subfield>
    <subfield code="p">076125</subfield>
    <subfield code="r">2022-10-15 00:00:00</subfield>
    <subfield code="v">850.00</subfield>
    <subfield code="w">2022-10-15</subfield>
    <subfield code="y">BK</subfield>
  </datafield>
  <datafield tag="952" ind1=" " ind2=" ">
    <subfield code="0">0</subfield>
    <subfield code="1">0</subfield>
    <subfield code="2">ddc</subfield>
    <subfield code="4">0</subfield>
    <subfield code="7">0</subfield>
    <subfield code="8">CHE</subfield>
    <subfield code="a">AL</subfield>
    <subfield code="b">AL</subfield>
    <subfield code="c">SK</subfield>
    <subfield code="d">2022-10-14</subfield>
    <subfield code="e">Biblios Book Point, Surathkal, Mangalore575014</subfield>
    <subfield code="g">680.00</subfield>
    <subfield code="l">0</subfield>
    <subfield code="o">535.84 PAVI</subfield>
    <subfield code="p">076126</subfield>
    <subfield code="r">2022-10-15 00:00:00</subfield>
    <subfield code="v">850.00</subfield>
    <subfield code="w">2022-10-15</subfield>
    <subfield code="y">BK</subfield>
  </datafield>
  <datafield tag="952" ind1=" " ind2=" ">
    <subfield code="0">0</subfield>
    <subfield code="1">0</subfield>
    <subfield code="2">ddc</subfield>
    <subfield code="4">0</subfield>
    <subfield code="7">3</subfield>
    <subfield code="8">CHE</subfield>
    <subfield code="a">AL</subfield>
    <subfield code="b">AL</subfield>
    <subfield code="c">RS</subfield>
    <subfield code="d">2022-10-14</subfield>
    <subfield code="e">Biblios Book Point, Surathkal, Mangalore575014</subfield>
    <subfield code="g">680.00</subfield>
    <subfield code="l">0</subfield>
    <subfield code="o">535.84 PAVI</subfield>
    <subfield code="p">076127</subfield>
    <subfield code="r">2022-10-15 00:00:00</subfield>
    <subfield code="v">850.00</subfield>
    <subfield code="w">2022-10-15</subfield>
    <subfield code="y">REF</subfield>
  </datafield>
</record>
